Cities Closest to Houston - Statistics

General Stats
  • This quiz has been taken 10 times
  • The average score is 7 of 15
Answer Stats
mi Answer km % Correct
51 Galveston (Texas) 82
89%
30 Katy 48
89%
40 Conroe 64
78%
87 Beaumont 140
67%
31 The Woodlands 49
67%
27 League City 43
56%
15 Pasadena (Texas) 24
56%
26 Baytown (Texas) 41
44%
100 Bryan (Texas) 160
33%
34 Kemah 54
22%
55 Montgomery (Texas) 88
22%
30 New Caney (Texas) 48
22%
64 Bellville (Texas) 102
11%
50 Monaville (Texas) 80
0%
50 Sealy 80
0%
No matching quizzes found
Score Distribution
Percent of People with Each Score
Percentile by Number Answered
Your Score History
You have not taken this quiz